000 00484nam a2200193Ia 4500
005 20240823050357.0
008 240823s9999||||xx |||||||||||||| ||und||
020 _a81-239-1081-9
041 _aENGLISH
082 _A547 P4
100 _aGeissman T A
245 0 _aPrinciples of Organic Chemistry
250 _a4th
260 _c2004
_b"CBS Publishers & Distributors,New "
500 _aTRANSFERED
650 _aorganic chemistry
_bChemistry
942 _cBK
999 _c217112
_d217112